Agresores sexuales
সংরক্ষণ করুন:
| প্রধান লেখক: | |
|---|---|
| বিন্যাস: | গ্রন্থ |
| প্রকাশিত: |
Barcelona.
Ariel.
2001.
|
| বিষয়গুলি: | |
| ট্যাগগুলো: |
ট্যাগ যুক্ত করুন
কোনো ট্যাগ নেই, প্রথমজন হিসাবে ট্যাগ করুন!
|
MARC
| LEADER | 00000nam a22000005a 4500 | ||
|---|---|---|---|
| 001 | 652 | ||
| 003 | CL-ChBUA | ||
| 005 | 20120815102710.0 | ||
| 008 | 070301s2001 sp 000 0 ||| | ||
| 020 | |a 8434474727 | ||
| 040 | |a CL-ChBUA |c CL-ChBUA | ||
| 082 | 0 | 0 | |a 364.153 |
| 090 | |c 652 |d 652 | ||
| 100 | 1 | |a Marshall. William L. | |
| 245 | 1 | 0 | |a Agresores sexuales |
| 260 | |b Ariel. |a Barcelona. |c 2001. | ||
| 300 | |a 158 p. |c 20 cm. | ||
| 650 | 4 | |a VIOLACION SEXUAL. | |
| 650 | 4 | |a AGRESION SEXUAL. | |
| 942 | |c LIB | ||
| 952 | |0 0 |1 0 |4 0 |7 0 |9 804 |a UNACH |b UNACH |c 300 |d 2007-03-05 |i 34.073. |l 5 |m 2 |o 364.153 / M 367. |p 1803 |r 2022-10-19 00:00:00 |s 2016-09-05 |u 804 |w 2012-08-08 |y LIB |k 364.153 / M 367. | ||
| 999 | |c 652 |d 652 | ||